[Event "Grand Prix B"]
[Site "Winnipeg CAN"]
[Date "2008.12.09"]
[Round "5"]
[White "Greenberg, Harley"]
[Black "Wierda, John"]
[Result "1-0"]
[WhiteElo "1772"]
[BlackElo "1726"]
[PlyCount "63"]
[GameId "2160767910294479"]
[EventDate "2008.11.04"]
[EventType "tourn"]
[EventRounds "6"]
[EventCountry "CAN"]
[SourceTitle "EXT 2011"]
[Source "ChessBase"]
[SourceDate "2011.11.26"]
[SourceVersion "1"]
[SourceVersionDate "2011.11.26"]
[SourceQuality "1"]

1. d4 Nf6 2. c4 c5 3. d5 g6 4. Nf3 d6 5. Nc3 Bg7 6. e4 O-O 7. h3 Na6 8. a3 Bd7 9. Bd3 Nc7 10. O-O a6 11. a4 b5 12. axb5 axb5 13. Rxa8 Qxa8 14. cxb5 Qb7 15. Qe2 Rb8 16. b6 Qxb6 17. Nd2 Nb5 18. Nc4 Nd4 19. Qd2 Qc7 20. Qe1 e5 21. f4 exf4 22. Bxf4 Ne8 23. e5 Nf5 24. Bxf5 Bxf5 25. exd6 Qd7 26. Qe2 Bxc3 27. bxc3 Nf6 28. Ne5 Qb5 29. c4 Qa4 30. Nxf7 Kxf7 31. Qe7+ Kg8 32. Bh6 1-0

[Event "Grand Prix B"]
[Site "Winnipeg CAN"]
[Date "2008.12.16"]
[Round "6"]
[White "Green, Jim"]
[Black "Greenberg, Harley"]
[Result "1-0"]
[WhiteElo "1754"]
[BlackElo "1772"]
[PlyCount "41"]
[GameId "2160767910294480"]
[EventDate "2008.11.04"]
[EventType "tourn"]
[EventRounds "6"]
[EventCountry "CAN"]
[SourceTitle "EXT 2011"]
[Source "ChessBase"]
[SourceDate "2011.11.26"]
[SourceVersion "1"]
[SourceVersionDate "2011.11.26"]
[SourceQuality "1"]

1. e4 c5 2. Nf3 d6 3. Bb5+ Bd7 4. Bxd7+ Qxd7 5. O-O g6 6. d4 cxd4 7. Qxd4 Nf6 8. Re1 Nc6 9. Qd3 Bg7 10. c3 O-O 11. Bg5 Ng4 12. h3 Nge5 13. Nxe5 Nxe5 14. Qe2 Rac8 15. Nd2 b5 16. Rad1 h6 17. Be3 Nc4 18. Nxc4 Rxc4 19. e5 Bxe5 20. Bxa7 Rfc8 21. Qxe5 1-0

[Event "Grand Prix B"]
[Site "Winnipeg CAN"]
[Date "2008.12.16"]
[Round "6"]
[White "Kong, Dezheng"]
[Black "Wierda, John"]
[Result "1/2-1/2"]
[WhiteElo "1870"]
[BlackElo "1726"]
[PlyCount "73"]
[GameId "2160767910294481"]
[EventDate "2008.11.04"]
[EventType "tourn"]
[EventRounds "6"]
[EventCountry "CAN"]
[SourceTitle "EXT 2011"]
[Source "ChessBase"]
[SourceDate "2011.11.26"]
[SourceVersion "1"]
[SourceVersionDate "2011.11.26"]
[SourceQuality "1"]

1. c4 Nf6 2. Nc3 c5 3. Nf3 g6 4. d4 cxd4 5. Nxd4 Bg7 6. e4 Qa5 7. Nb3 Qc7 8. Bd3 O-O 9. O-O d6 10. Nb5 Qd7 11. Bg5 a6 12. Nc3 Nc6 13. Bxf6 Bxf6 14. Nd5 Qd8 15. Nxf6+ exf6 16. Qd2 Ne5 17. f4 Nxd3 18. Qxd3 Qb6+ 19. Kh1 f5 20. e5 dxe5 21. fxe5 Qc7 22. Rfe1 Rd8 23. Qc3 Be6 24. Rac1 Rd7 25. Nd4 Rad8 26. Nxe6 fxe6 27. b3 Rd3 28. Qa1 Rd2 29. Rcd1 Qc6 30. Rxd2 Rxd2 31. Rg1 Qe4 32. Qc3 Rxa2 33. Qb4 Kf7 34. Qd6 Qc6 35. Qd8 Qe8 36. Qf6+ Kg8 37. Rd1 1/2-1/2

[Event "Grand Prix C"]
[Site "Winnipeg CAN"]
[Date "2008.11.04"]
[Round "1"]
[White "Evans, Brian"]
[Black "Wasserman, Arie"]
[Result "0-1"]
[WhiteElo "1524"]
[BlackElo "1676"]
[PlyCount "98"]
[GameId "2160767910294482"]
[EventDate "2008.11.04"]
[EventType "tourn"]
[EventRounds "6"]
[EventCountry "CAN"]
[SourceTitle "EXT 2011"]
[Source "ChessBase"]
[SourceDate "2011.11.26"]
[SourceVersion "1"]
[SourceVersionDate "2011.11.26"]
[SourceQuality "1"]

1. e4 e5 2. Nf3 Nc6 3. Bb5 Bc5 4. Bxc6 dxc6 5. Nxe5 Qd4 6. Nd3 Qxe4+ 7. Qe2 Qxe2+ 8. Kxe2 Bd6 9. Re1 Nf6 10. Kf1+ Be6 11. b3 O-O-O 12. Bb2 Rde8 13. Nc3 Bxh2 14. Ne4 Nxe4 15. Rxe4 Bd6 16. Rae1 Rhg8 17. f4 Kd7 18. Rd4 Kc8 19. Rde4 b6 20. f5 Bd7 21. Rxe8+ Bxe8 22. Bxg7 Bd7 23. f6 Bf5 24. Re3 Rd8 25. c3 Bf8 26. Bxf8 Bxd3+ 27. Ke1 Rxf8 28. Rxd3 h6 29. Rh3 Rh8 30. Re3 Kd8 31. Re7 Re8 32. Rxe8+ Kxe8 33. Ke2 Kd7 34. Kf3 Ke6 35. Kg4 Kxf6 36. Kf4 h5 37. d4 Kg6 38. c4 f6 39. b4 f5 40. d5 cxd5 41. cxd5 Kf6 42. b5 h4 43. a3 Kg6 44. g3 hxg3 45. Kxg3 Kg5 46. Kf3 f4 47. Kg2 Kf5 48. Kf3 Ke5 49. a4 Kxd5 0-1

[Event "Grand Prix C"]
[Site "Winnipeg CAN"]
[Date "2008.11.04"]
[Round "1"]
[White "Wiebe, Daniel"]
[Black "Green, Aaron"]
[Result "1/2-1/2"]
[WhiteElo "1789"]
[BlackElo "1752"]
[PlyCount "81"]
[GameId "2160767910294483"]
[EventDate "2008.11.04"]
[EventType "tourn"]
[EventRounds "6"]
[EventCountry "CAN"]
[SourceTitle "EXT 2011"]
[Source "ChessBase"]
[SourceDate "2011.11.26"]
[SourceVersion "1"]
[SourceVersionDate "2011.11.26"]
[SourceQuality "1"]

1. e4 c5 2. Nf3 d6 3. d4 cxd4 4. Nxd4 Nf6 5. Nc3 g6 6. Be3 Bg7 7. f3 O-O 8. Qd2 Nc6 9. Bc4 Bd7 10. O-O-O Ne5 11. Bb3 Rc8 12. h4 h5 13. Bh6 Bxh6 14. Qxh6 Rxc3 15. bxc3 Qa5 16. Qd2 Rc8 17. Kb2 Qc5 18. Rhe1 a5 19. f4 Nc4+ 20. Bxc4 Qxc4 21. Qd3 Qa4 22. Nb3 b5 23. Qd4 b4 24. cxb4 axb4 25. e5 Bf5 26. Rd2 Qa3+ 27. Ka1 dxe5 28. fxe5 Nd7 29. e6 Ra8 30. Qb2 Qxb2+ 31. Kxb2 Nf6 32. exf7+ Kxf7 33. Nd4 Rd8 34. Red1 Ne4 35. Rd3 Nf2 36. Nxf5 Nxd1+ 37. Kc1 Rxd3 38. cxd3 Nc3 39. Nd4 Nxa2+ 40. Kb2 Nc3 41. Kb3 1/2-1/2

[Event "Grand Prix C"]
[Site "Winnipeg CAN"]
[Date "2008.11.18"]
[Round "2"]
[White "Evans, Brian"]
[Black "Wiebe, Daniel"]
[Result "0-1"]
[WhiteElo "1524"]
[BlackElo "1789"]
[PlyCount "42"]
[GameId "2160767910294484"]
[EventDate "2008.11.04"]
[EventType "tourn"]
[EventRounds "6"]
[EventCountry "CAN"]
[SourceTitle "EXT 2011"]
[Source "ChessBase"]
[SourceDate "2011.11.26"]
[SourceVersion "1"]
[SourceVersionDate "2011.11.26"]
[SourceQuality "1"]

1. e4 c5 2. Nf3 d6 3. d4 cxd4 4. Nxd4 Nf6 5. Nc3 a6 6. Be2 e5 7. Nf3 h6 8. h3 Be6 9. Be3 Be7 10. O-O O-O 11. Qd2 Qc7 12. Nd5 Bxd5 13. exd5 Nh7 14. Nh2 f5 15. f4 Nf6 16. fxe5 Ne4 17. Qd3 dxe5 18. Qb3 Bd6 19. Bb6 Bc5+ 20. Kh1 Qxb6 21. Qxb6 Ng3# 0-1

[Event "Grand Prix C"]
[Site "Winnipeg CAN"]
[Date "2008.11.18"]
[Round "2"]
[White "Wasserman, Arie"]
[Black "Green, Aaron"]
[Result "0-1"]
[WhiteElo "1676"]
[BlackElo "1752"]
[PlyCount "123"]
[GameId "2160767910294485"]
[EventDate "2008.11.04"]
[EventType "tourn"]
[EventRounds "6"]
[EventCountry "CAN"]
[SourceTitle "EXT 2011"]
[Source "ChessBase"]
[SourceDate "2011.11.26"]
[SourceVersion "1"]
[SourceVersionDate "2011.11.26"]
[SourceQuality "1"]

1. e4 c5 2. Nf3 d6 3. Nc3 Nf6 4. Bc4 e6 5. O-O Be7 6. d3 O-O 7. h3 a6 8. a4 b6 9. Ne2 Bb7 10. Bb3 d5 11. exd5 Nxd5 12. Nf4 Qc7 13. Nxd5 Bxd5 14. Bxd5 exd5 15. b3 Bf6 16. Ra2 Nc6 17. c4 dxc4 18. dxc4 Rad8 19. Rd2 Rxd2 20. Qxd2 Rd8 21. Re1 h6 22. Qf4 Qxf4 23. Bxf4 Rd3 24. Re3 Rxe3 25. Bxe3 Na5 26. Bf4 Nxb3 27. Bc7 Na5 28. Bxb6 Nxc4 29. Bxc5 Nb2 30. a5 Nc4 31. Bb6 Bc3 32. Kf1 Nxa5 33. Ke2 Nc6 34. Kd3 Bf6 35. Nd2 Kf8 36. Ne4 Be7 37. Kc4 Ke8 38. Kd5 Kd7 39. Nc5+ Bxc5 40. Kxc5 g6 41. g3 h5 42. h4 f6 43. Kd5 Nb4+ 44. Kc4 Kc6 45. Bd8 Nd5 46. Kd4 Kd6 47. Kc4 Kc6 48. Kd4 Kd6 49. Kc4 Ke5 50. Kd3 f5 51. Ba5 f4 52. Kc4 fxg3 53. fxg3 Ne3+ 54. Kd3 Ng4 55. Bc7+ Kf5 56. Ke2 Nh2 57. Kf2 Kg4 58. Kg2 Nf3 59. Bd8 Nd4 60. Bc7 Nf5 61. Kf2 Ne7 62. Ke3 0-1

[Event "Grand Prix C"]
[Site "Winnipeg CAN"]
[Date "2008.11.25"]
[Round "3"]
[White "Green, Aaron"]
[Black "Evans, Brian"]
[Result "1/2-1/2"]
[WhiteElo "1752"]
[BlackElo "1524"]
[PlyCount "81"]
[GameId "2160767910294486"]
[EventDate "2008.11.04"]
[EventType "tourn"]
[EventRounds "6"]
[EventCountry "CAN"]
[SourceTitle "EXT 2011"]
[Source "ChessBase"]
[SourceDate "2011.11.26"]
[SourceVersion "1"]
[SourceVersionDate "2011.11.26"]
[SourceQuality "1"]

1. e4 c5 2. Nf3 d6 3. Bb5+ Bd7 4. Bxd7+ Qxd7 5. O-O Nc6 6. Re1 g6 7. c3 Bg7 8. Na3 e5 9. Nc2 Nf6 10. d4 cxd4 11. cxd4 exd4 12. Ncxd4 O-O 13. Nb5 a6 14. Nc3 Rfe8 15. h3 Re7 16. Bg5 Re6 17. Bxf6 Bxf6 18. Nd5 Rd8 19. Nxf6+ Rxf6 20. Nd4 Nxd4 21. Qxd4 Re6 22. Rac1 Rde8 23. f3 f5 24. Kf2 fxe4 25. Rxe4 Rxe4 26. fxe4 Qf7+ 27. Kg1 Qf4 28. Qd5+ Qf7 29. Qxf7+ Kxf7 30. Rc7+ Re7 31. Rxe7+ Kxe7 32. Kf2 Ke6 33. Ke3 Ke5 34. a3 b6 35. b3 h6 36. g3 b5 37. b4 d5 38. exd5 Kxd5 39. Kd3 Ke5 40. Ke3 g5 41. g4 1/2-1/2

[Event "Grand Prix C"]
[Site "Winnipeg CAN"]
[Date "2008.12.02"]
[Round "4"]
[White "Evans, Brian"]
[Black "Green, Aaron"]
[Result "0-1"]
[WhiteElo "1524"]
[BlackElo "1752"]
[PlyCount "114"]
[GameId "2160767910294487"]
[EventDate "2008.11.04"]
[EventType "tourn"]
[EventRounds "6"]
[EventCountry "CAN"]
[SourceTitle "EXT 2011"]
[Source "ChessBase"]
[SourceDate "2011.11.26"]
[SourceVersion "1"]
[SourceVersionDate "2011.11.26"]
[SourceQuality "1"]

1. e4 c5 2. Nf3 d6 3. d4 cxd4 4. Nxd4 Nf6 5. Nc3 g6 6. Bb5+ Bd7 7. Bxd7+ Qxd7 8. f3 Bg7 9. Be3 O-O 10. Qd2 Nc6 11. Nb3 Ne5 12. Qe2 Rfc8 13. O-O-O b6 14. Qb5 Qxb5 15. Nxb5 Nc4 16. Bd4 Nd7 17. Bxg7 Kxg7 18. Rd3 Nc5 19. Nxc5 Rxc5 20. Rd5 a6 21. Rxc5 bxc5 22. Nc3 Rb8 23. b3 Na5 24. Nd5 e6 25. Ne3 Kf6 26. f4 Ke7 27. c4 Nc6 28. Nc2 a5 29. Kb2 f5 30. exf5 gxf5 31. g3 a4 32. Ka3 axb3 33. axb3 Ra8+ 34. Kb2 Nb4 35. Nxb4 cxb4 36. Ra1 Rxa1 37. Kxa1 Kf6 38. Kb2 e5 39. Kc2 e4 40. Kd2 h5 41. Ke3 Ke6 42. Kd4 Kd7 43. Ke3 Kc6 44. Kd4 Kb6 45. Ke3 Kc5 46. h3 d5 47. cxd5 Kxd5 48. g4 fxg4 49. hxg4 hxg4 50. f5 Ke5 51. f6 Kxf6 52. Kxe4 g3 53. Kf3 Ke5 54. Kxg3 Kd4 55. Kf3 Kc3 56. Ke2 Kxb3 57. Kd2 Ka2 0-1

[Event "Grand Prix C"]
[Site "Winnipeg CAN"]
[Date "2008.12.02"]
[Round "4"]
[White "Wasserman, Arie"]
[Black "Wiebe, Daniel"]
[Result "0-1"]
[WhiteElo "1676"]
[BlackElo "1789"]
[PlyCount "37"]
[GameId "2160767910294488"]
[EventDate "2008.11.04"]
[EventType "tourn"]
[EventRounds "6"]
[EventCountry "CAN"]
[SourceTitle "EXT 2011"]
[Source "ChessBase"]
[SourceDate "2011.11.26"]
[SourceVersion "1"]
[SourceVersionDate "2011.11.26"]
[SourceQuality "1"]

1. e4 c5 2. Nf3 d6 3. Nc3 a6 4. d4 cxd4 5. Nxd4 Nf6 6. Bg5 e6 7. Nf3 Nc6 8. Nd4 Be7 9. Nxc6 bxc6 10. Bd3 O-O 11. O-O Bd7 12. Be3 Qc7 13. f4 c5 14. Ne2 c4 15. e5 cxd3 16. exd6 dxe2 17. dxc7 exd1=Q 18. Raxd1 Bb5 19. Rf2 0-1

[Event "Grand Prix C"]
[Site "Winnipeg CAN"]
[Date "2008.12.09"]
[Round "5"]
[White "Green, Aaron"]
[Black "Wasserman, Arie"]
[Result "1-0"]
[WhiteElo "1752"]
[BlackElo "1676"]
[PlyCount "85"]
[GameId "2160767910294489"]
[EventDate "2008.11.04"]
[EventType "tourn"]
[EventRounds "6"]
[EventCountry "CAN"]
[SourceTitle "EXT 2011"]
[Source "ChessBase"]
[SourceDate "2011.11.26"]
[SourceVersion "1"]
[SourceVersionDate "2011.11.26"]
[SourceQuality "1"]

1. e4 e5 2. c4 Nf6 3. Nc3 Nc6 4. Nf3 d6 5. d3 Bg4 6. Be2 Bxf3 7. Bxf3 Nd4 8. Be3 Nxf3+ 9. Qxf3 c6 10. O-O h6 11. a3 Qd7 12. h3 Be7 13. Rfd1 c5 14. b4 Nh7 15. Nd5 Bg5 16. bxc5 Bxe3 17. Qxe3 O-O 18. cxd6 Qxd6 19. c5 Qd7 20. Rdc1 f5 21. c6 bxc6 22. Rxc6 Rf7 23. Rc7 Qe6 24. Rxf7 Kxf7 25. Nc7 f4 26. Qd2 Qg6 27. Nxa8 Ng5 28. Kf1 f3 29. g3 Nxh3 30. Ke1 Qc6 31. Rc1 Qxa8 32. Rc7+ Kg8 33. Qa2+ Kh8 34. Qf7 Qg8 35. Qxg8+ Kxg8 36. Rxa7 g5 37. g4 Nf4 38. Rd7 h5 39. gxh5 Nxh5 40. a4 Nf6 41. Rb7 Ne8 42. a5 Nd6 43. a6 1-0

[Event "Grand Prix C"]
[Site "Winnipeg CAN"]
[Date "2008.12.09"]
[Round "5"]
[White "Wiebe, Daniel"]
[Black "Evans, Brian"]
[Result "1-0"]
[WhiteElo "1789"]
[BlackElo "1524"]
[PlyCount "79"]
[GameId "2160767910294490"]
[EventDate "2008.11.04"]
[EventType "tourn"]
[EventRounds "6"]
[EventCountry "CAN"]
[SourceTitle "EXT 2011"]
[Source "ChessBase"]
[SourceDate "2011.11.26"]
[SourceVersion "1"]
[SourceVersionDate "2011.11.26"]
[SourceQuality "1"]

1. e4 c5 2. Nf3 d6 3. d4 cxd4 4. Nxd4 Nf6 5. Nc3 a6 6. Bg5 e6 7. f4 Be7 8. Qf3 h6 9. Bh4 Qc7 10. O-O-O e5 11. Nf5 Bxf5 12. exf5 Nc6 13. Bxf6 Bxf6 14. Nd5 Qd8 15. c3 O-O 16. h4 exf4 17. Nxf6+ Qxf6 18. Qxf4 Rad8 19. g4 g5 20. Qg3 Rfe8 21. hxg5 Qxg5+ 22. Kb1 Re4 23. Rh4 Ne5 24. Rh5 Qxg4 25. Qxg4+ Nxg4 26. Bd3 Re3 27. Bxa6 bxa6 28. Rg1 Re4 29. Rh4 Rde8 30. Rhxg4+ Rxg4 31. Rxg4+ Kh7 32. f6 Rg8 33. Rxg8 Kxg8 34. Kc2 Kh7 35. b4 Kg6 36. a4 Kxf6 37. b5 axb5 38. a5 h5 39. a6 h4 40. a7 1-0

[Event "Grand Prix C"]
[Site "Winnipeg CAN"]
[Date "2008.12.16"]
[Round "6"]
[White "Green, Aaron"]
[Black "Wiebe, Daniel"]
[Result "0-1"]
[WhiteElo "1752"]
[BlackElo "1789"]
[PlyCount "48"]
[GameId "2160767910294491"]
[EventDate "2008.11.04"]
[EventType "tourn"]
[EventRounds "6"]
[EventCountry "CAN"]
[SourceTitle "EXT 2011"]
[Source "ChessBase"]
[SourceDate "2011.11.26"]
[SourceVersion "1"]
[SourceVersionDate "2011.11.26"]
[SourceQuality "1"]

1. Nf3 Nf6 2. g3 g6 3. Bg2 d6 4. d3 Bg7 5. O-O e5 6. e4 O-O 7. Nbd2 Nc6 8. c3 Ne8 9. Ne1 f5 10. exf5 Bxf5 11. Qb3+ d5 12. Qxd5+ Kh8 13. Qxd8 Rxd8 14. Be4 Bh3 15. Bg2 Bf5 16. Bxc6 bxc6 17. Ne4 Nf6 18. f3 Bh3 19. Rf2 Nxe4 20. fxe4 Rxf2 21. Kxf2 Rf8+ 22. Ke2 Bg4+ 23. Kd2 Rf2+ 24. Ke3 Re2# 0-1

[Event "Grand Prix C"]
[Site "Winnipeg CAN"]
[Date "2008.12.16"]
[Round "6"]
[White "Wasserman, Arie"]
[Black "Evans, Brian"]
[Result "0-1"]
[WhiteElo "1676"]
[BlackElo "1524"]
[PlyCount "124"]
[GameId "2160767910294492"]
[EventDate "2008.11.04"]
[EventType "tourn"]
[EventRounds "6"]
[EventCountry "CAN"]
[SourceTitle "EXT 2011"]
[Source "ChessBase"]
[SourceDate "2011.11.26"]
[SourceVersion "1"]
[SourceVersionDate "2011.11.26"]
[SourceQuality "1"]

1. e4 e6 2. Nf3 d5 3. exd5 exd5 4. d4 Be7 5. Bb5+ Bd7 6. Qe2 Nf6 7. Bd3 O-O 8. Ne5 Re8 9. O-O Bd6 10. Bg5 Nc6 11. Nxc6 Bxc6 12. Qf3 Be7 13. Nc3 Ne4 14. Bxe7 Rxe7 15. Qh3 h6 16. Nd1 Nd2 17. Ne3 Bd7 18. Nf5 Bxf5 19. Qxf5 g6 20. Qh3 Nxf1 21. Kxf1 Kg7 22. f4 Qd6 23. Qh4 Rae8 24. b3 Qf6 25. Qf2 c5 26. c3 cxd4 27. cxd4 a6 28. g3 Re3 29. Bc2 Re2 30. Qxe2 Rxe2 31. Kxe2 Qxd4 32. Rb1 Qc3 33. Bd3 Qb4 34. a3 Qxa3 35. h3 Qa2+ 36. Kf3 Qd2 37. Be2 Qc2 38. Rd1 Qxb3+ 39. Rd3 Qa2 40. Bd1 Qc4 41. Ke2 Qe4+ 42. Kd2 Qg2+ 43. Kc3 Qxh3 44. g4 Qh2 45. Bb3 Qxf4 46. Rxd5 Qxg4 47. Rd4 Qf5 48. Rd5 Qc8+ 49. Kd4 b5 50. Rc5 Qg4+ 51. Kc3 b4+ 52. Kd3 h5 53. Rc4 Qf3+ 54. Kc2 Qe2+ 55. Kb1 Qe1+ 56. Rc1 Qe3 57. Kb2 h4 58. Kb1 Qxb3+ 59. Ka1 Qa3+ 60. Kb1 b3 61. Rc7 Qa2+ 62. Kc1 b2+ 0-1

[Event "Grand Prix D"]
[Site "Winnipeg CAN"]
[Date "2008.11.04"]
[Round "1"]
[White "Letain, Cory"]
[Black "Gibbons, Lorne"]
[Result "1-0"]
[WhiteElo "1512"]
[BlackElo "1240"]
[PlyCount "21"]
[GameId "2160767910294493"]
[EventDate "2008.11.04"]
[EventType "tourn"]
[EventRounds "6"]
[EventCountry "CAN"]
[SourceTitle "EXT 2011"]
[Source "ChessBase"]
[SourceDate "2011.11.26"]
[SourceVersion "1"]
[SourceVersionDate "2011.11.26"]
[SourceQuality "1"]

1. d4 d5 2. c4 e6 3. Nf3 c5 4. e3 Nf6 5. Nc3 cxd4 6. Qxd4 Nc6 7. Qd1 Bb4 8. a3 Ba5 9. b4 Nxb4 10. axb4 Bxb4 11. Qa4+ 1-0

[Event "Grand Prix D"]
[Site "Winnipeg CAN"]
[Date "2008.11.04"]
[Round "1"]
[White "Swift, Ryne"]
[Black "Wasserman, Leor"]
[Result "1/2-1/2"]
[WhiteElo "1563"]
[BlackElo "1498"]
[PlyCount "59"]
[GameId "2160767910294494"]
[EventDate "2008.11.04"]
[EventType "tourn"]
[EventRounds "6"]
[EventCountry "CAN"]
[SourceTitle "EXT 2011"]
[Source "ChessBase"]
[SourceDate "2011.11.26"]
[SourceVersion "1"]
[SourceVersionDate "2011.11.26"]
[SourceQuality "1"]

1. e4 c5 2. Nf3 Nc6 3. d4 cxd4 4. Nxd4 Nf6 5. Nc3 a6 6. Be3 e6 7. Qd2 Bb4 8. f3 d5 9. Nxc6 bxc6 10. Rd1 O-O 11. a3 Bxc3 12. Qxc3 Bb7 13. Be2 Qc7 14. e5 Nd7 15. f4 c5 16. O-O Rac8 17. Qe1 c4 18. Bd4 Nc5 19. Rf3 Ne4 20. Rh3 h6 21. Qh4 Bc6 22. Qg4 Kh7 23. f5 exf5 24. Qxf5+ Kg8 25. Qg4 Ng5 26. Rh5 Bd7 27. Qg3 Ne4 28. Qe1 Rfe8 29. Bf3 Bc6 30. Bxe4 1/2-1/2

[Event "Grand Prix D"]
[Site "Winnipeg CAN"]
[Date "2008.11.18"]
[Round "2"]
[White "Gibbons, Lorne"]
[Black "Wasserman, Leor"]
[Result "0-1"]
[WhiteElo "1240"]
[BlackElo "1498"]
[PlyCount "46"]
[GameId "2160767910294495"]
[EventDate "2008.11.04"]
[EventType "tourn"]
[EventRounds "6"]
[EventCountry "CAN"]
[SourceTitle "EXT 2011"]
[Source "ChessBase"]
[SourceDate "2011.11.26"]
[SourceVersion "1"]
[SourceVersionDate "2011.11.26"]
[SourceQuality "1"]

1. d4 d5 2. c4 c6 3. a4 Nf6 4. e3 Bf5 5. b3 Bxb1 6. Rxb1 Ne4 7. Qc2 e6 8. c5 b6 9. b4 Qc7 10. f3 Nf6 11. cxb6 axb6 12. Bd2 Bd6 13. f4 Ne4 14. Bd3 Nxd2 15. Kxd2 Na6 16. Bxa6 Rxa6 17. b5 cxb5 18. Qxc7 Bxc7 19. axb5 Ra2+ 20. Kd3 Rxg2 21. Rc1 Kd7 22. Nf3 Ra8 23. Kc3 Ra3+ 0-1

[Event "Grand Prix D"]
[Site "Winnipeg CAN"]
[Date "2008.11.18"]
[Round "2"]
[White "Letain, Cory"]
[Black "Swift, Ryne"]
[Result "1/2-1/2"]
[WhiteElo "1512"]
[BlackElo "1563"]
[PlyCount "107"]
[GameId "2160767910294496"]
[EventDate "2008.11.04"]
[EventType "tourn"]
[EventRounds "6"]
[EventCountry "CAN"]
[SourceTitle "EXT 2011"]
[Source "ChessBase"]
[SourceDate "2011.11.26"]
[SourceVersion "1"]
[SourceVersionDate "2011.11.26"]
[SourceQuality "1"]

1. d4 d5 2. c4 c6 3. Nf3 e6 4. Nc3 Nf6 5. Bg5 Be7 6. e3 Nbd7 7. Bd3 O-O 8. O-O h6 9. Bh4 Qc7 10. Bg3 Bd6 11. cxd5 Nxd5 12. Bxd6 Qxd6 13. Nxd5 exd5 14. Qc2 Nf6 15. h3 Be6 16. Ne5 Nd7 17. Nxd7 Qxd7 18. f4 f5 19. g4 fxg4 20. f5 Bf7 21. hxg4 Qe7 22. Rf3 Rfe8 23. Qf2 Qg5 24. Re1 Kh8 25. Qg3 Re7 26. f6 gxf6 27. Rf5 Qg7 28. Ref1 Bg6 29. Qh4 Bxf5 30. Rxf5 Rg8 31. Kf2 Qxg4 32. Qxh6+ Rh7 33. Qxf6+ Qg7 34. Qxg7+ Rgxg7 35. Rf8+ Rg8 36. Rxg8+ Kxg8 37. Bxh7+ Kxh7 38. Ke2 Kg6 39. Kd3 Kf5 40. a3 a5 41. b3 b5 42. Kc3 Ke4 43. b4 axb4+ 44. Kxb4 Kxe3 45. Kc5 Ke4 46. Kxc6 Kxd4 47. Kxb5 Kc3 48. a4 d4 49. a5 d3 50. a6 d2 51. a7 d1=Q 52. a8=Q Qf1+ 53. Kb6 Qf6+ 54. Qc6+ 1/2-1/2

[Event "Grand Prix D"]
[Site "Winnipeg CAN"]
[Date "2008.11.25"]
[Round "3"]
[White "Swift, Ryne"]
[Black "Gibbons, Lorne"]
[Result "1-0"]
[WhiteElo "1563"]
[BlackElo "1240"]
[PlyCount "53"]
[GameId "2160767910294497"]
[EventDate "2008.11.04"]
[EventType "tourn"]
[EventRounds "6"]
[EventCountry "CAN"]
[SourceTitle "EXT 2011"]
[Source "ChessBase"]
[SourceDate "2011.11.26"]
[SourceVersion "1"]
[SourceVersionDate "2011.11.26"]
[SourceQuality "1"]

1. e4 e5 2. Nf3 f6 3. Bc4 Nc6 4. d4 exd4 5. Nxd4 Nge7 6. Nc3 Nxd4 7. Qxd4 Nc6 8. Qd1 Bc5 9. Qh5+ g6 10. Qxc5 d6 11. Qe3 Qe7 12. Nd5 Qd8 13. Bd2 Ne5 14. Bb3 c6 15. Nf4 Qe7 16. O-O-O a5 17. a3 Ra6 18. Nd3 b5 19. Nxe5 fxe5 20. Qg5 Be6 21. Qxe7+ Kxe7 22. Bg5+ Kd7 23. Bxe6+ Kxe6 24. Rd3 c5 25. Rf3 Kd7 26. Rf7+ Ke6 27. Re7# 1-0

[Event "Grand Prix D"]
[Site "Winnipeg CAN"]
[Date "2008.11.25"]
[Round "3"]
[White "Wasserman, Leor"]
[Black "Letain, Cory"]
[Result "0-1"]
[WhiteElo "1498"]
[BlackElo "1512"]
[PlyCount "176"]
[GameId "2160767910294498"]
[EventDate "2008.11.04"]
[EventType "tourn"]
[EventRounds "6"]
[EventCountry "CAN"]
[SourceTitle "EXT 2011"]
[Source "ChessBase"]
[SourceDate "2011.11.26"]
[SourceVersion "1"]
[SourceVersionDate "2011.11.26"]
[SourceQuality "1"]

1. e4 c5 2. Nf3 Nc6 3. d4 cxd4 4. Nxd4 g6 5. Nc3 Bg7 6. Be3 d6 7. Bb5 Bd7 8. Nxc6 Bxc6 9. Bxc6+ bxc6 10. f3 Nf6 11. O-O O-O 12. Qd2 Qa5 13. Kh1 Rfb8 14. Rab1 Nd7 15. Bh6 Ne5 16. Bxg7 Kxg7 17. f4 Nd7 18. e5 d5 19. Qe3 Qc5 20. Qe2 e6 21. h4 Nb6 22. h5 Nc4 23. Na4 Qe3 24. Qxe3 Nxe3 25. Rf3 Rb4 26. Rxe3 Rxa4 27. hxg6 hxg6 28. Rh3 Rxf4 29. Kh2 Re4 30. Kg3 Rxe5 31. Rbh1 Re3+ 32. Kf4 Rxh3 33. Rxh3 Rb8 34. b3 Rb4+ 35. Ke5 Re4+ 36. Kd6 Re2 37. Rc3 Rxg2 38. Kxc6 g5 39. b4 d4 40. Rc4 e5 41. b5 d3 42. cxd3 Rxa2 43. Kd5 Ra5 44. Rc5 f6 45. Rc7+ Kg6 46. Kc6 g4 47. Rc8 Kf5 48. Rd8 g3 49. d4 g2 50. Rg8 exd4 51. Rxg2 Ke4 52. Re2+ Kf3 53. Re1 f5 54. Rf1+ Ke4 55. Re1+ Kf3 56. Rf1+ Ke4 57. Re1+ Kf4 58. Rf1+ Ke5 59. Re1+ Kf6 60. Rd1 Ra4 61. Kd5 Kg5 62. Ke5 Ra5 63. Rg1+ Kh4 64. Kf4 Kh3 65. Kf3 Ra3+ 66. Kf4 d3 67. Rg3+ Kh2 68. Rf3 Kg2 69. Rg3+ Kf2 70. Rf3+ Ke2 71. Kg3 d2 72. Rxa3 d1=Q 73. Ra2+ Kd3 74. Ra6 Ke4 75. Re6+ Kd5 76. Re7 Qg4+ 77. Kh2 Qh4+ 78. Kg2 Qxe7 79. b6 axb6 80. Kf3 b5 81. Kf2 b4 82. Kf3 b3 83. Kg3 b2 84. Kf4 Qe4+ 85. Kg5 Ke5 86. Kg6 b1=Q 87. Kg5 Qg1+ 88. Kh6 Qh4# 0-1

[Event "Grand Prix D"]
[Site "Winnipeg CAN"]
[Date "2008.12.02"]
[Round "4"]
[White "Letain, Cory"]
[Black "Wasserman, Leor"]
[Result "0-1"]
[WhiteElo "1512"]
[BlackElo "1498"]
[PlyCount "28"]
[GameId "2160767910294500"]
[EventDate "2008.11.04"]
[EventType "tourn"]
[EventRounds "6"]
[EventCountry "CAN"]
[SourceTitle "EXT 2011"]
[Source "ChessBase"]
[SourceDate "2011.11.26"]
[SourceVersion "1"]
[SourceVersionDate "2011.11.26"]
[SourceQuality "1"]

1. d4 d5 2. c4 c6 3. Nc3 Nf6 4. Nf3 Bf5 5. e3 e6 6. Be2 Bb4 7. Bd2 Qb6 8. c5 Qc7 9. a3 Bxc3 10. Bxc3 Ne4 11. Bd2 Nd7 12. Nh4 Bg6 13. Nxg6 hxg6 14. O-O Qxh2# 0-1

[Event "Grand Prix D"]
[Site "Winnipeg CAN"]
[Date "2008.12.09"]
[Round "5"]
[White "Swift, Ryne"]
[Black "Letain, Cory"]
[Result "1-0"]
[WhiteElo "1563"]
[BlackElo "1512"]
[PlyCount "26"]
[GameId "2160767910294501"]
[EventDate "2008.11.04"]
[EventType "tourn"]
[EventRounds "6"]
[EventCountry "CAN"]
[SourceTitle "EXT 2011"]
[Source "ChessBase"]
[SourceDate "2011.11.26"]
[SourceVersion "1"]
[SourceVersionDate "2011.11.26"]
[SourceQuality "1"]

1. e4 e5 2. Nf3 Nf6 3. Nc3 Nc6 4. d4 exd4 5. Nxd4 Bb4 6. Nxc6 bxc6 7. Bd3 O-O 8. O-O h6 9. e5 Nd5 10. Nxd5 cxd5 11. Qg4 d6 12. Qxb4 dxe5 13. Rd1 Rb8 1-0